00689nam a2200241 a 4500001001300000003000900013005001700022008004100039020001100080082001700091100002600108245002500134260004000159300000800199500003500207505001700242650001900259700002600278902000800304942000700312952011300319999001500432nice12345678IN_TiNIC20260116011927.0050524s1974 dela grp 000 0 urd  ac0.7500a297.24bMAU1 aMaudoodi, S Abul Aala aQuran Awr Paighamber aDelhibMarkazi Maktaba Islamic1974 a48p aincludes index and biblioraphy2 abibliography aIslam-Prophecy1 aMaudoodi, S Abul Aala bSRS cBK 001040708StackRoom-aHMIbHMId2007-07-19g0.75l0o297.24 MAU1p09420r2007-07-19v0.75w2005-05-24yBK c4929d4929